000 00453nam a2200181Ia 4500
005 20230523122947.0
008 131103s9999 xx 000 0 und d
040 _aLoreto College
041 _aEnglish
082 _a824.91
_bHUD
100 _aHudson, Derek
245 4 _aThe forgotten king
_b and other essay
_cDerek Hudson
260 _aLondon
_bconstable
_c1960
300 _a287p.
650 _aEnglish essays
850 _aLCLIB
942 _cBK
999 _c22798
_d73277